[Event "Bogota McGregor op 4th"]
[Site "Bogota"]
[Date "2013.12.06"]
[Round "5"]
[White "Dominguez, Oscar Alberto"]
[Black "Alvarez, Nelson"]
[Result "1-0"]
[WhiteElo "2111"]
[BlackElo "1773"]
[PlyCount "29"]
[EventDate "2013.12.04"]
[EventType "swiss"]
[EventRounds "9"]
[EventCountry "COL"]
[SourceTitle "CBM 157 Extra"]
[Source "ChessBase"]
[SourceDate "2013.12.19"]
[SourceVersion "1"]
[SourceVersionDate "2013.12.19"]
[SourceQuality "1"]

1. e4 d6 2. d4 Nf6 3. Nc3 g6 4. g3 Bg7 5. Nge2 0-0 6. Bg2 c6 7. a4 e5 8. 0-0 Bg4 9. Be3 Na6 10. h3 Bd7 11. f4 Qc7 12. g4 exf4 13. Bxf4 Rfd8 14. Bg5 h6 15. Bxf6 1-0

[Event "Bogota McGregor op 4th"]
[Site "Bogota"]
[Date "2013.12.04"]
[Round "1"]
[White "Dominguez, Oscar Alberto"]
[Black "Fuentes Medrano, Jorge"]
[Result "1-0"]
[WhiteElo "2111"]
[BlackElo "1699"]
[PlyCount "30"]
[EventDate "2013.12.04"]
[EventType "swiss"]
[EventRounds "9"]
[EventCountry "COL"]
[SourceTitle "CBM 157 Extra"]
[Source "ChessBase"]
[SourceDate "2013.12.19"]
[SourceVersion "1"]
[SourceVersionDate "2013.12.19"]
[SourceQuality "1"]

1. e4 c5 2. Nf3 d6 3. d4 cxd4 4. Nxd4 Nf6 5. Nc3 a6 6. Bc4 e6 7. Bb3 Nbd7 8. Bg5 Nc5 9. f4 Be7 10. Qf3 0-0 11. 0-0-0 b5 12. Nc6 Nxb3+ 13. axb3 Qc7 14. Nxe7+ Qxe7 15. e5 Bb7 1-0

[Event "COL-ch"]
[Site "Ibague"]
[Date "2013.07.06"]
[Round "9"]
[White "Dominguez, Oscar Alberto"]
[Black "Gutierrez, Ramon"]
[Result "1-0"]
[WhiteElo "2092"]
[BlackElo "2207"]
[PlyCount "45"]
[EventDate "2013.07.01"]
[EventType "swiss"]
[EventRounds "11"]
[EventCountry "COL"]
[SourceTitle "EXT 2014"]
[Source "ChessBase"]
[SourceDate "2013.11.20"]
[SourceVersion "1"]
[SourceVersionDate "2013.11.20"]
[SourceQuality "1"]

1. e4 c5 2. Nf3 d6 3. d4 cxd4 4. Nxd4 Nf6 5. Nc3 a6 6. Bc4 e6 7. Bb3 Be7 8. f4 Nc6 9. Be3 0-0 10. Qf3 Qc7 11. 0-0 Bd7 12. f5 e5 13. Nde2 Na5 14. g4 Nxb3 15. axb3 Bc6 16. g5 Nd7 17. Ng3 f6 18. g6 h6 19. Nh5 d5 20. exd5 Bb5 21. Nxg7 Kxg7 22. Bxh6+ Kg8 23. Qh5 1-0

[Event "COL-ch"]
[Site "Ibague"]
[Date "2013.07.02"]
[Round "3"]
[White "Dominguez, Oscar Alberto"]
[Black "Arango Arenas, Juan Camilo"]
[Result "1/2-1/2"]
[WhiteElo "2092"]
[BlackElo "1600"]
[PlyCount "54"]
[EventDate "2013.07.01"]
[EventType "swiss"]
[EventRounds "11"]
[EventCountry "COL"]
[SourceTitle "EXT 2014"]
[Source "ChessBase"]
[SourceDate "2013.11.20"]
[SourceVersion "1"]
[SourceVersionDate "2013.11.20"]
[SourceQuality "1"]

1. e4 c5 2. Nf3 Nc6 3. d4 cxd4 4. Nxd4 g6 5. c4 Bg7 6. Nc2 Nf6 7. Nc3 0-0 8. Be2 d6 9. 0-0 Nd7 10. Bd2 Nc5 11. b4 Bxc3 12. Bxc3 Nxe4 13. Bb2 e5 14. Bf3 Nf6 15. b5 Na5 16. Ne3 Be6 17. Rc1 Rc8 18. Ba3 Nxc4 19. Nxc4 Rxc4 20. Qxd6 Qxd6 21. Bxd6 Rfc8 22. Rxc4 Bxc4 23. Rc1 e4 24. Be2 Be6 25. Rxc8+ Bxc8 26. Bb8 a6 27. bxa6 bxa6 1/2-1/2

[Event "Valle Region-ch"]
[Site "Cali"]
[Date "2013.06.29"]
[Round "4.3"]
[White "Dominguez, Oscar Alberto"]
[Black "Herrera, Juan Sebastian"]
[Result "1-0"]
[WhiteElo "2092"]
[BlackElo "2185"]
[PlyCount "33"]
[EventDate "2013.06.28"]
[EventType "swiss"]
[EventRounds "5"]
[EventCountry "COL"]
[SourceTitle "EXT 2024"]
[Source "ChessBase"]
[SourceDate "2023.10.10"]
[SourceVersion "1"]
[SourceVersionDate "2023.10.10"]
[SourceQuality "1"]

1. e4 c5 2. Nf3 e6 3. d4 cxd4 4. Nxd4 a6 5. Nc3 Qc7 6. Be2 Bb4 7. 0-0 Nf6 8. Qd3 Nc6 9. Bg5 Ne5 10. Qg3 b5 11. Bf4 Bxc3 12. Bxe5 Qc5 13. bxc3 Nxe4 14. Qxg7 Rf8 15. Bf3 d5 16. Bxe4 dxe4 17. Rad1 1-0

[Event "Santander UDI University op U27"]
[Site "Santander"]
[Date "2012.03.30"]
[Round "2"]
[White "Dominguez, Oscar Alberto"]
[Black "Lagos Oviedo, Juan Jose"]
[Result "1-0"]
[WhiteElo "2080"]
[BlackElo "1826"]
[PlyCount "57"]
[EventDate "2012.03.29"]
[EventType "swiss"]
[EventRounds "9"]
[EventCountry "COL"]
[SourceTitle "CBM 147 Extra"]
[Source "ChessBase"]
[SourceDate "2012.04.24"]
[SourceVersion "1"]
[SourceVersionDate "2012.04.24"]
[SourceQuality "1"]

1. e4 Nf6 2. e5 Nd5 3. Nc3 Nxc3 4. bxc3 d6 5. f4 dxe5 6. fxe5 Nc6 7. d4 Bf5 8. Nf3 e6 9. Be2 Be7 10. 0-0 0-0 11. Rb1 Rb8 12. c4 Nb4 13. Rb2 c6 14. Be3 Na6 15. Qd2 Qc7 16. c5 Rfd8 17. Qc3 b5 18. cxb6 Rxb6 19. d5 Bb4 20. Bxb6 Qxb6+ 21. Qd4 Qxd4+ 22. Nxd4 Bc5 23. c3 Nc7 24. d6 Nd5 25. Kh1 Nxc3 26. Nxc6 Nxe2 27. Nxd8 Bb6 28. Rxb6 axb6 29. Nc6 1-0

[Event "COL-ch U20"]
[Site "Bogota"]
[Date "2012.02.16"]
[Round "4"]
[White "Dominguez, Oscar Alberto"]
[Black "Barros, Raul Junior"]
[Result "0-1"]
[WhiteElo "2065"]
[BlackElo "2201"]
[PlyCount "62"]
[EventDate "2012.02.15"]
[EventType "swiss"]
[EventRounds "7"]
[EventCountry "COL"]
[SourceTitle "CBM 147 Extra"]
[Source "ChessBase"]
[SourceDate "2012.04.24"]
[SourceVersion "1"]
[SourceVersionDate "2012.04.24"]
[SourceQuality "1"]

1. e4 c5 2. Nf3 e6 3. d4 cxd4 4. Nxd4 a6 5. Nc3 Qc7 6. Be2 Nf6 7. 0-0 d6 8. Be3 b5 9. a3 Bb7 10. Bd3 Nbd7 11. f4 Nc5 12. Qf3 d5 13. e5 Nfe4 14. f5 Qxe5 15. fxe6 f6 16. Nce2 Nxe6 17. Qg4 Nxd4 18. Bxd4 Bc5 19. Bxc5 Nxc5 20. Qxg7 0-0-0 21. Rxf6 Nxd3 22. cxd3 Qxe2 23. Rf7 Qe3+ 24. Kh1 Qb6 25. Rc1+ Kb8 26. Rcc7 Bc8 27. Ra7 Rhe8 28. Qg3+ Qd6 29. Qf2 Bd7 30. h3 d4 31. Rxh7 Kxa7 0-1

[Event "COL-ch U20"]
[Site "Bogota"]
[Date "2012.02.15"]
[Round "1"]
[White "Palechor, Cesar Augusto"]
[Black "Dominguez, Oscar Alberto"]
[Result "0-1"]
[WhiteElo "1805"]
[BlackElo "2065"]
[PlyCount "46"]
[EventDate "2012.02.15"]
[EventType "swiss"]
[EventRounds "7"]
[EventCountry "COL"]
[SourceTitle "CBM 147 Extra"]
[Source "ChessBase"]
[SourceDate "2012.04.24"]
[SourceVersion "1"]
[SourceVersionDate "2012.04.24"]
[SourceQuality "1"]

1. e4 c5 2. Nf3 d6 3. d4 cxd4 4. Nxd4 Nf6 5. Nc3 a6 6. f4 e5 7. Nb3 Nbd7 8. Qf3 Be7 9. Be2 b5 10. 0-0 Bb7 11. Bd3 0-0 12. g4 b4 13. Ne2 d5 14. Ng3 dxe4 15. Nxe4 Nc5 16. Nxf6+ Bxf6 17. Bxh7+ Kxh7 18. Qh3+ Kg8 19. Nxc5 Bc6 20. Be3 exf4 21. Rxf4 Re8 22. Bf2 Qd5 23. Qg2 Qxg2# 0-1

[Event "Valle Region-ch U20"]
[Site "Cali"]
[Date "2012.01.28"]
[Round "4.2"]
[White "Dominguez, Oscar Alberto"]
[Black "Moran, Daniel Stiven"]
[Result "0-1"]
[WhiteElo "2065"]
[BlackElo "2118"]
[PlyCount "40"]
[EventDate "2012.01.27"]
[EventType "swiss"]
[EventRounds "7"]
[EventCountry "COL"]
[SourceTitle "EXT 2024"]
[Source "ChessBase"]
[SourceDate "2023.10.10"]
[SourceVersion "1"]
[SourceVersionDate "2023.10.10"]
[SourceQuality "1"]

1. e4 c5 2. Nf3 e6 3. d4 cxd4 4. Nxd4 Nf6 5. Nc3 a6 6. Be2 d6 7. Be3 Be7 8. 0-0 0-0 9. Bf3 Nc6 10. Nxc6 bxc6 11. e5 Nd5 12. exd6 Bxd6 13. Nxd5 cxd5 14. Qd4 Bd7 15. Rac1 Rc8 16. Qb6 Qxb6 17. Bxb6 Rb8 18. Bd4 e5 19. Ba7 e4 20. Be2 Rxb2 0-1

[Event "Valle Region-ch U20"]
[Site "Cali"]
[Date "2012.01.28"]
[Round "5.3"]
[White "Parra Meza, Brayan"]
[Black "Dominguez, Oscar Alberto"]
[Result "0-1"]
[WhiteElo "1799"]
[BlackElo "2065"]
[PlyCount "46"]
[EventDate "2012.01.27"]
[EventType "swiss"]
[EventRounds "7"]
[EventCountry "COL"]
[SourceTitle "EXT 2024"]
[Source "ChessBase"]
[SourceDate "2023.10.10"]
[SourceVersion "1"]
[SourceVersionDate "2023.10.10"]
[SourceQuality "1"]

1. e4 c5 2. Nf3 d6 3. d4 cxd4 4. Nxd4 Nf6 5. Nc3 a6 6. Be2 e5 7. Nb3 Be7 8. 0-0 0-0 9. f4 b5 10. Bf3 Bb7 11. a3 Nbd7 12. Be3 Rc8 13. Kh1 Qc7 14. f5 Rfe8 15. Bg5 Qb6 16. Qe2 Bf8 17. Rac1 d5 18. exd5 e4 19. Bg4 b4 20. axb4 Bxb4 21. Nd1 Bxd5 22. Be3 Qb7 23. Nf2 Bc4 0-1

[Event "COL-ch U18"]
[Site "Bogota"]
[Date "2011.06.02"]
[Round "6.3"]
[White "Rios, Cristhian Camilo"]
[Black "Dominguez, Oscar Alberto"]
[Result "1-0"]
[WhiteElo "2409"]
[BlackElo "2013"]
[PlyCount "87"]
[EventDate "2011.05.31"]
[EventType "tourn"]
[EventRounds "9"]
[EventCountry "COL"]
[SourceTitle "EXT 2024"]
[Source "ChessBase"]
[SourceDate "2023.10.10"]
[SourceVersion "1"]
[SourceVersionDate "2023.10.10"]
[SourceQuality "1"]

1. e4 c5 2. Nf3 d6 3. d4 cxd4 4. Nxd4 Nf6 5. Nc3 a6 6. h3 e6 7. g4 Nc6 8. Be3 Be7 9. g5 Nd7 10. h4 Qc7 11. Bg2 Nc5 12. f4 Bd7 13. Qe2 Rb8 14. 0-0-0 b5 15. Nd5 exd5 16. Nxc6 Qxc6 17. exd5 Qc7 18. Bxc5 Qxc5 19. Rhe1 0-0 20. Qxe7 Rbc8 21. Qe4 g6 22. Qd3 Qf2 23. Qd2 Qxh4 24. Rh1 Qg3 25. Be4 f5 26. Rdg1 Qxg1+ 27. Rxg1 fxe4 28. Rg3 Rc5 29. Rc3 Rxc3 30. bxc3 Re8 31. Qe3 Bc8 32. Qb6 e3 33. Kd1 Bf5 34. Qxd6 Bxc2+ 35. Ke1 Bf5 36. Qc7 Rc8 37. Qe5 b4 38. d6 bxc3 39. d7 Bxd7 40. Qd5+ Kf8 41. Qxd7 Re8 42. Qxh7 Re4 43. Qh8+ Kf7 44. Qf6+ 1-0

[Event "Medellin op Experts"]
[Site "Medellin"]
[Date "2011.04.22"]
[Round "4.5"]
[White "Dominguez, Oscar Alberto"]
[Black "Caro, Emilio"]
[Result "1-0"]
[WhiteElo "1981"]
[BlackElo "1835"]
[PlyCount "70"]
[EventDate "2011.04.20"]
[EventType "swiss"]
[EventRounds "9"]
[EventCountry "COL"]
[SourceTitle "EXT 2024"]
[Source "ChessBase"]
[SourceDate "2023.10.10"]
[SourceVersion "1"]
[SourceVersionDate "2023.10.10"]
[SourceQuality "1"]

1. e4 e5 2. Nf3 Nc6 3. Bb5 a6 4. Ba4 Nf6 5. 0-0 Nxe4 6. Re1 Nc5 7. Bxc6 dxc6 8. Nxe5 Be7 9. Qe2 Be6 10. c3 0-0 11. d4 Nd7 12. Bf4 Nxe5 13. Bxe5 c5 14. Nd2 cxd4 15. Bxd4 Qd5 16. b3 Rad8 17. Rad1 c5 18. Be5 Qd3 19. Kf1 Qg6 20. Nf3 Rfe8 21. Rxd8 Rxd8 22. Bc7 Rc8 23. Bg3 h5 24. c4 Qg4 25. h3 Qg6 26. Ne5 Qf5 27. Nd3 h4 28. Bh2 Bg5 29. Qe4 Qxe4 30. Rxe4 Bf5 31. f3 Bxe4 32. fxe4 Be3 33. Ke2 Bd4 34. Bd6 f6 35. Kf3 g5 1-0

[Event "Cali IRT Deptal Valle-ch"]
[Site "Cali"]
[Date "2011.04.20"]
[Round "6.4"]
[White "Dominguez, Oscar Alberto"]
[Black "Vargas, Mauricio"]
[Result "1-0"]
[WhiteElo "1981"]
[BlackElo "1969"]
[PlyCount "76"]
[EventDate "2011.03.18"]
[EventType "swiss"]
[EventRounds "8"]
[EventCountry "COL"]
[SourceTitle "EXT 2024"]
[Source "ChessBase"]
[SourceDate "2023.10.10"]
[SourceVersion "1"]
[SourceVersionDate "2023.10.10"]
[SourceQuality "1"]

1. e4 c5 2. Nf3 d6 3. d4 cxd4 4. Nxd4 Nf6 5. Nc3 a6 6. Bc4 e6 7. Bb3 Nbd7 8. Bg5 Nc5 9. f4 Be7 10. Qf3 Qc7 11. 0-0 Nxb3 12. Nxb3 0-0 13. Rae1 b5 14. e5 Bb7 15. Qg3 dxe5 16. fxe5 Ne8 17. Rf4 Rc8 18. Ref1 b4 19. Ne2 Qb6+ 20. Nbd4 Bxg5 21. Qxg5 Qc5 22. R1f2 h6 23. Qg3 Qe7 24. Rf6 g6 25. Qe3 Rc5 26. Nxe6 Rxe5 27. Qxe5 Nxf6 28. Rxf6 Bc8 29. Qc5 Qxf6 30. Qxf8+ Kh7 31. Qxc8 fxe6 32. Qb7+ Kg8 33. Qxb4 Qe5 34. Qc4 Qxb2 35. Qxe6+ Kh7 36. Qf7+ Kh8 37. Qxg6 Qxa2 38. Qxh6+ Kg8 1-0

[Event "Cali IRT Deptal Valle-ch"]
[Site "Cali"]
[Date "2011.04.19"]
[Round "3.4"]
[White "Jaramillo, Gonzalo"]
[Black "Dominguez, Oscar Alberto"]
[Result "1/2-1/2"]
[WhiteElo "2198"]
[BlackElo "1981"]
[PlyCount "65"]
[EventDate "2011.03.18"]
[EventType "swiss"]
[EventRounds "8"]
[EventCountry "COL"]
[SourceTitle "EXT 2024"]
[Source "ChessBase"]
[SourceDate "2023.10.10"]
[SourceVersion "1"]
[SourceVersionDate "2023.10.10"]
[SourceQuality "1"]

1. e4 e6 2. Qe2 c5 3. Nf3 Nc6 4. c3 Nge7 5. g3 g6 6. Bg2 Bg7 7. 0-0 d5 8. d3 b6 9. Re1 Ba6 10. Qc2 d4 11. c4 Qc7 12. e5 Rb8 13. Bf4 b5 14. b3 bxc4 15. dxc4 0-0 16. a3 Rfd8 17. Qd3 Na5 18. Nbd2 Nd5 19. Rab1 Nc3 20. Rb2 Rb6 21. b4 cxb4 22. Rxb4 Rxb4 23. axb4 Nxc4 24. Nxd4 Nxe5 25. Qxa6 Rxd4 26. Nb1 Nxb1 27. Rxb1 Qc2 28. Rf1 Rxb4 29. Qxa7 h6 30. h4 Rb1 31. Qa8+ Kh7 32. Be4 Rxf1+ 33. Kxf1 1/2-1/2

[Event "Cali IRT Deptal Valle-ch"]
[Site "Cali"]
[Date "2011.04.18"]
[Round "2.3"]
[White "Dominguez, Oscar Alberto"]
[Black "Mateus Urbano, Luis Alejandro"]
[Result "1-0"]
[WhiteElo "1981"]
[BlackElo "2257"]
[PlyCount "51"]
[EventDate "2011.03.18"]
[EventType "swiss"]
[EventRounds "8"]
[EventCountry "COL"]
[SourceTitle "EXT 2024"]
[Source "ChessBase"]
[SourceDate "2023.10.10"]
[SourceVersion "1"]
[SourceVersionDate "2023.10.10"]
[SourceQuality "1"]

1. e4 c6 2. d4 d5 3. exd5 cxd5 4. Bd3 Nf6 5. c3 Nc6 6. Bf4 Bg4 7. Qb3 Qd7 8. Nd2 Nh5 9. Bg3 Nxg3 10. hxg3 e5 11. dxe5 Nxe5 12. Bb5 Nc6 13. Ngf3 Qe6+ 14. Kf1 0-0-0 15. Re1 Qf6 16. Qa4 Bxf3 17. Nxf3 Bc5 18. Bxc6 bxc6 19. Nd4 Kb7 20. Rh5 Rc8 21. Rhe5 h5 22. b4 Bb6 23. b5 c5 24. Re7+ Rc7 25. Qa6+ Ka8 26. Re8+ 1-0

[Event "Central America-ch U18"]
[Site "Medellin"]
[Date "2010.12.10"]
[Round "2"]
[White "Dominguez, Oscar Alberto"]
[Black "Torres, Juan Camilo"]
[Result "0-1"]
[WhiteElo "1998"]
[BlackElo "2180"]
[PlyCount "82"]
[EventDate "2010.12.09"]
[EventType "swiss"]
[EventRounds "7"]
[EventCountry "COL"]
[SourceTitle "EXT 2013"]
[Source "ChessBase"]
[SourceDate "2012.11.22"]
[SourceVersion "1"]
[SourceVersionDate "2012.11.22"]
[SourceQuality "1"]

1. e4 c5 2. Nf3 e6 3. d4 cxd4 4. Nxd4 a6 5. Nc3 Qc7 6. Be2 b5 7. Bf3 Bb7 8. 0-0 Nc6 9. Re1 Bd6 10. g3 Nxd4 11. Qxd4 Be5 12. Qd3 Ne7 13. Bg2 0-0 14. f4 Bxc3 15. bxc3 Rfd8 16. a4 d5 17. e5 bxa4 18. Rxa4 a5 19. Be3 Ba6 20. Qd4 Bb5 21. Ra3 Rdb8 22. Rb1 Bc4 23. Rxb8+ Rxb8 24. Qd1 Rb2 25. Ra1 Qb8 26. Bf1 Bxf1 27. Qxf1 Rxc2 28. Rxa5 g6 29. Qa1 Kg7 30. Bc5 Rb2 31. Ra8 Rb1+ 32. Kg2 Qb5 33. Qxb1 Qxb1 34. Bxe7 g5 35. Bxg5 h5 36. h3 Qc2+ 37. Kg1 Qd1+ 38. Kf2 Kg6 39. Rc8 Kf5 40. Rf8 Ke4 41. Rxf7 Qc2+ 0-1

[Event "Central America-ch U18"]
[Site "Medellin"]
[Date "2010.12.10"]
[Round "3"]
[White "Parra, Diego Alexander"]
[Black "Dominguez, Oscar Alberto"]
[Result "0-1"]
[WhiteElo "1776"]
[BlackElo "1998"]
[PlyCount "54"]
[EventDate "2010.12.09"]
[EventType "swiss"]
[EventRounds "7"]
[EventCountry "COL"]
[SourceTitle "EXT 2013"]
[Source "ChessBase"]
[SourceDate "2012.11.22"]
[SourceVersion "1"]
[SourceVersionDate "2012.11.22"]
[SourceQuality "1"]

1. e4 e6 2. d4 d5 3. exd5 exd5 4. Bd3 Bd6 5. Nf3 Ne7 6. 0-0 Nbc6 7. c3 Bg4 8. Nbd2 Qd7 9. b4 0-0-0 10. Re1 Ng6 11. b5 Na5 12. Qc2 Nf4 13. Ne5 Bxe5 14. Rxe5 Rde8 15. Nf3 Nxd3 16. Qxd3 Bxf3 17. gxf3 Nc4 18. Rxe8+ Qxe8 19. a4 Qe1+ 20. Kg2 g6 21. a5 Re8 22. f4 Qe2 23. Qh3+ f5 24. Qxh7 Qg4+ 25. Kf1 Qf3 26. Qxg6 Qh1+ 27. Qg1 Re1+ 0-1

[Event "Central America-ch U18"]
[Site "Medellin"]
[Date "2010.12.09"]
[Round "1"]
[White "Dominguez, Oscar Alberto"]
[Black "Medina, Jorge"]
[Result "1-0"]
[WhiteElo "1998"]
[BlackElo "1865"]
[PlyCount "67"]
[EventDate "2010.12.09"]
[EventType "swiss"]
[EventRounds "7"]
[EventCountry "COL"]
[SourceTitle "EXT 2013"]
[Source "ChessBase"]
[SourceDate "2012.11.22"]
[SourceVersion "1"]
[SourceVersionDate "2012.11.22"]
[SourceQuality "1"]

1. e4 c6 2. d4 d5 3. exd5 cxd5 4. Bd3 Nc6 5. c3 Nf6 6. Bf4 Bg4 7. Qb3 Qd7 8. Nd2 a6 9. Ngf3 e6 10. 0-0 Be7 11. Ne5 Nxe5 12. dxe5 Nh5 13. Be3 g6 14. h3 Bf5 15. Be2 Ng7 16. g4 Be4 17. f3 Bf5 18. gxf5 Nxf5 19. Bf2 Bg5 20. Rad1 Qe7 21. Qa4+ Kd8 22. Qb4 Qc7 23. Qb6 Bf4 24. Qxc7+ Kxc7 25. Bd3 Bxe5 26. Bxf5 gxf5 27. Kh1 Rhg8 28. Rg1 Rg6 29. Rxg6 fxg6 30. Re1 Kd6 31. Nb3 Bf6 32. Nc5 e5 33. Nxb7+ Kc6 34. Nc5 1-0

[Event "Pan American-ch Amateur"]
[Site "Cali"]
[Date "2010.11.??"]
[Round "9"]
[White "Dominguez, Oscar Alberto"]
[Black "Mayorquin Polanco, Nicolas"]
[Result "1-0"]
[WhiteElo "1998"]
[BlackElo "1880"]
[PlyCount "63"]
[EventDate "2010.11.16"]
[EventType "swiss"]
[EventRounds "9"]
[EventCountry "COL"]
[SourceTitle "EXT 2024"]
[Source "ChessBase"]
[SourceDate "2023.10.10"]
[SourceVersion "1"]
[SourceVersionDate "2023.10.10"]
[SourceQuality "1"]

1. e4 c5 2. Nf3 d6 3. d4 cxd4 4. Nxd4 Nf6 5. Nc3 g6 6. Be3 Bg7 7. f3 0-0 8. Qd2 Nc6 9. 0-0-0 Nxd4 10. Bxd4 Be6 11. Kb1 Qc7 12. g4 Rfc8 13. h4 Qa5 14. a3 Rab8 15. h5 b5 16. h6 Bh8 17. g5 b4 18. Nb5 Rxb5 19. Bxb5 Qxb5 20. gxf6 bxa3 21. b3 Bxb3 22. cxb3 Qxb3+ 23. Ka1 Bxf6 24. Bxf6 exf6 25. Rb1 Qxf3 26. Rhc1 Re8 27. Qxd6 Qe3 28. Qxf6 Qxh6 29. Rc7 Qg7 30. e5 h5 31. Rbb7 Rxe5 32. Rb8+ 1-0

[Event "Pan American-ch Amateur"]
[Site "Cali"]
[Date "2010.11.??"]
[Round "6"]
[White "Martinez Alcantara, Jose Eduardo"]
[Black "Dominguez, Oscar Alberto"]
[Result "1/2-1/2"]
[WhiteElo "1938"]
[BlackElo "1998"]
[PlyCount "121"]
[EventDate "2010.11.16"]
[EventType "swiss"]
[EventRounds "9"]
[EventCountry "COL"]
[SourceTitle "EXT 2024"]
[Source "ChessBase"]
[SourceDate "2023.10.10"]
[SourceVersion "1"]
[SourceVersionDate "2023.10.10"]
[SourceQuality "1"]

1. e4 e6 2. d4 d5 3. exd5 exd5 4. Bd3 Bd6 5. Ne2 Nc6 6. 0-0 Nge7 7. c3 Bf5 8. Bf4 Qd7 9. Bg3 0-0 10. Qc2 Bxd3 11. Qxd3 Qf5 12. Qd1 Rad8 13. Nd2 Qd3 14. Nc1 Qg6 15. Nf3 Nf5 16. Nd3 Nxg3 17. fxg3 Rfe8 18. Qd2 Re4 19. Nf2 Re7 20. Nh4 Qh5 21. Rae1 Rde8 22. Rxe7 Rxe7 23. Nf3 f6 24. g4 Qe8 25. Re1 Rxe1+ 26. Nxe1 Bf4 27. Qd1 Qe3 28. Ned3 Bd6 29. g3 Ne7 30. Kg2 Kf7 31. Qa4 a6 32. Qb3 b6 33. Qa4 a5 34. Qd1 c5 35. Ne1 c4 36. Nc2 Qe6 37. Qf3 b5 38. a3 g6 39. Nh3 Kg7 40. Nf4 Bxf4 41. gxf4 f5 42. h3 Qe4 43. Qxe4 fxe4 44. Ne3 Kf6 45. Kg3 h6 46. Kg2 Ke6 47. Kg3 Kd6 48. f5 g5 49. h4 Ng8 50. hxg5 hxg5 51. Kf2 Nf6 52. Ke2 Nd7 53. Nd1 Kc6 54. Kd2 Kb6 55. Kc2 Nf6 56. Ne3 b4 57. axb4 axb4 58. cxb4 Kb5 59. Kc3 Ka4 60. b5 Kxb5 61. b3 1/2-1/2